000 01015cam a22003015a 4500
001 1860402
003 EG-ScBUE
005 20220510130831.0
008 820702s1983 nyua f b 001 0 eng d
020 _a0194341305 (pbk.)
020 _a9780194341301
040 _aDLC
_beng
_erda
_cDLC
_dDLC
_dEG-ScBUE
082 0 4 _a428.0071
_222
_bALL
100 1 _aAllen, Virginia French,
_eauthor.
_939804
245 1 0 _aTechniques in teaching vocabulary /
_cVirginia French Allen.
264 1 _aNew York ;
_aOxford :
_bOxford University Press,
_c1983.
300 _avii, 136 pages :
_billustrations ;
_c23 cm.
336 _2rdacontent
_atext
_btxt
337 _2rdamedia
_aunmediated
_bn
338 _2rdacarrier
_avolume
_bnc
490 0 _aTeaching techniques in English as a second language
504 _aIncludes bibliographical references and index.
650 7 _aVocabulary
_xStudy and teaching.
_2BUEsh
_97764
651 _2BUEsh
653 _cApril2016
_bHHUUEENN
655 _vReading book
_934232
942 _2ddc
_cBB
999 _c21608
_d21580